Elenca la formazione - Quiz n°147 - Statistics

Statistiche generali
  • Questo quiz è stato fatto 43 volte
  • Il punteggio medio è 8 su 11
Statistiche sulle risposte
Ruolo Nazione Calciatore % Corretto
Attaccante Polonia Robert Lewandowski
97%
Centrocampista Cile Arturo Vidal
95%
Difensore Germania Joshua Kimmich
90%
Attaccante Germania Thomas Müller
90%
Attaccante Francia Franck Ribéry
82%
Difensore Germania Mats Hummels
74%
Difensore Spagna Javi Martínez
69%
Centrocampista Francia Corentin Tolisso
67%
Portiere Germania Sven Ulreich
56%
Difensore Brasile Rafinha
46%
Centrocampista Germania Sebastian Rudy
18%
Nessun quiz corrispondente trovato
Distribuzione punteggi
Percentuale di utenti per punteggio
Percentile per numero di risposta
I tuoi punteggi nel tempo
Non hai fatto questo quiz